000 00881nam a22002175i 4500
001 162796
003 ES-MaACL
005 20250805062614.0
008 020924s1900 fr |||| | fre d
040 _aCCPB | B
_bspa
_cCCPB | B
245 0 0 _aQuestions de morale
_b: leçons professées au Collège Libre des Sciences sociales /
_cpar G. Belot [et al.].
260 _aParis :
_bAncienne Librairie Germer Baillière et Cie, Félix Alcan, éditeur,
_c1900 (
_eÉvreux :
_fimprimerie de Charles Hérissey)
300 _aXI, 331 p. ;
_c22 cm.
490 1 _aBibliothèque générale des sciences sociales ;
_v7
650 7 _aÉtica
_2embne
_912577
650 7 _aSociología
_2embne
_917195
700 0 _aBelot, Gustave.
_927319
830 0 0 _aBibliothèque générale des sciences sociales
_v7
_9187778
852 _aES-MaACL
_jC-23087
_z-- Enc. ed. en tela
999 _c162796
_d162796